[Event "AUTO-MASTER-3035"]
[Site "http://www.queenalice.com/game.php?id=1647051"]
[Date "2021.3.18"]
[Round "1"]
[White "ECCelestino"]
[Black "Rutty"]
[Result "0-1"]
[WhiteElo "1830"]
[BlackElo "2039"]

1. e4 e5 2. Nf3 Nc6 3. d4 exd4 4. Nxd4 d6 5. Bb5 Bd7 6. Bxc6 bxc6 7. O-O c5 8.
Nf3 Nf6 9. Bg5 h6 10. Bh4 Be7 11. Nc3 O-O 12. Bg3 Bc6 13. Re1 Rb8 14. b3 Nd7 15.
Bf4 Bf6 16. Qd2 Re8 17. Nd5 Bxd5 18. Qxd5 Bxa1 19. Rxa1 Qf6 20. Re1 Qxf4 21. c4
Nf6 22. Qd3 Rxe4 23. Rf1 Rbe8 24. g3 Qg4 25. Kg2 Nh5 26. h3 Qe6 27. Nd2 Re2 28.
Nf3 Qg6 29. Qxg6 fxg6 30. Nh4 g5 31. Nf5 Rxa2 32. Ne3 Rxe3 0-1

[Event "AUTO-MASTER-3035"]
[Site "http://www.queenalice.com/game.php?id=1647066"]
[Date "2021.3.18"]
[Round "1"]
[White "Donyelko"]
[Black "ECCelestino"]
[Result "1-0"]
[WhiteElo "2061"]
[BlackElo "1834"]

1. e4 e5 2. Nf3 d6 3. Bc4 Bg4 4. O-O Nf6 5. d3 Be7 6. Nc3 Nc6 7. Nd5 O-O 8.
Nxe7+ Qxe7 9. c3 Na5 10. Bb5 a6 11. Ba4 b5 12. Bc2 c5 13. b4 Nb7 14. a3 a5 15.
Be3 Rfe8 16. Bd2 axb4 17. cxb4 c4 18. Re1 cxd3 19. Bxd3 Nd8 20. Bxb5 Rf8 21. a4
Nb7 22. a5 Nd8 23. Re3 Rb8 24. Be2 Nc6 25. b5 Nd4 26. Nxd4 exd4 27. Rg3 Bxe2 28.
Qxe2 Qe5 29. Bh6 d3 30. Rxg7+ Kh8 31. Qd1 Qxe4 32. f3 Qd4+ 33. Kh1 Nh5 34. Rg4
Qf2 35. Bxf8 Rxf8 36. Qxd3 Qb2 37. Qd4+ Qxd4 38. Rxd4 Rd8 39. b6 Nf6 40. b7 Rb8
41. a6 Nd7 42. a7 Rxb7 43. a8=Q+ Rb8 44. Qxb8+ Nxb8 45. Ra8 Kg7 46. Rxb8 1-0

[Event "AUTO-MASTER-3035"]
[Site "http://www.queenalice.com/game.php?id=1647067"]
[Date "2021.3.18"]
[Round "1"]
[White "ECCelestino"]
[Black "Donyelko"]
[Result "0-1"]
[WhiteElo "1836"]
[BlackElo "2079"]

1. e4 e5 2. d4 exd4 3. Qxd4 Nc6 4. Qd1 Nf6 5. Bg5 Be7 6. Nc3 O-O 7. Bd3 Ne5 8.
Nf3 Nxd3+ 9. cxd3 Re8 10. O-O c6 11. Re1 d5 12. exd5 cxd5 13. d4 Be6 14. Rb1 a6
15. Qd3 Qd7 16. Nd1 Ne4 17. Rxe4 f6 18. Bd2 dxe4 19. Qxe4 Bf5 20. Qe3 Bxb1 21.
Nc3 Bc2 22. Ne4 Bd6 23. g3 Rxe4 24. Qc3 Rc8 25. Qa5 Bd1 26. Qd5+ Re6 27. Kg2
Bxf3+ 28. Kxf3 Qc6 29. Qxc6 bxc6 30. Bc3 c5 31. dxc5 Bxc5 32. h4 g5 33. hxg5
fxg5 34. Kg4 Bxf2 35. Kf3 Be3 36. a3 Rc4 37. g4 Bf4 0-1

[Event "AUTO-MASTER-3035"]
[Site "http://www.queenalice.com/game.php?id=1647076"]
[Date "2021.3.18"]
[Round "1"]
[White "mvson33"]
[Black "ECCelestino"]
[Result "0-1"]
[WhiteElo "1728"]
[BlackElo "1822"]

1. Nf3 d5 2. d4 Nc6 3. e3 Nf6 4. c4 e6 5. cxd5 Nxd5 6. Bb5 Bd7 7. O-O a6 8. Ba4
b5 9. Bc2 Be7 10. Bd2 O-O 11. Nc3 Nf6 12. e4 Bc8 13. Rc1 Bb7 14. Bb1 Nxd4 15.
Nxd4 Qxd4 16. Ne2 Qxb2 17. Rc2 Qe5 18. Bf4 Qh5 19. Rxc7 Bxe4 20. Rxe7 Bxb1 21.
Ng3 Qxd1 22. Rxd1 Bxa2 23. Rb7 Rad8 24. Rxd8 h6 25. Rxf8+ Kxf8 26. Ra7 Nd5 27.
Rxa6 Bc4 28. Ra8+ Ke7 29. Bc1 Nc3 30. Rb8 h5 31. Nxh5 Ne2+ 32. Kf1 Nxc1+ 33. Ke1
Nd3+ 34. Ke2 Nf4+ 0-1

[Event "AUTO-MASTER-3035"]
[Site "http://www.queenalice.com/game.php?id=1647077"]
[Date "2021.3.18"]
[Round "1"]
[White "ECCelestino"]
[Black "mvson33"]
[Result "0-1"]
[WhiteElo "1827"]
[BlackElo "1694"]

1. e4 c5 2. Bc4 d6 3. Qh5 e6 4. Nc3 Nf6 5. Qd1 Be7 6. Nf3 O-O 7. O-O Nc6 8. Ne2
Nxe4 9. d3 Nf6 10. c3 Bd7 11. d4 cxd4 12. cxd4 Qc7 13. b3 Rac8 14. Bb2 d5 15.
Bd3 Bb4 16. Bc2 Ba5 17. Qd3 Nb4 18. Qd1 Qxc2 19. Qxc2 Rxc2 20. a3 Nc6 21. Ne5
Nxe5 22. dxe5 Rxb2 23. exf6 Rxe2 24. fxg7 Kxg7 25. b4 Bb6 26. a4 Bd4 27. Rac1
Bxa4 28. Rcd1 Bb6 29. Rd3 Rc8 30. h3 Rcc2 31. Rg3+ Kf8 32. Rf3 Bc6 33. Kh2 Rb2
34. h4 d4 35. Rd3 Be4 36. Rg3 d3 37. f3 Bf5 38. Rg5 d2 39. Rd1 Re1 40. Rxd2 Bc7+
41. Rg3 Bxg3+ 42. Kxg3 Rxd2 43. h5 e5 44. h6 Ree2 45. f4 Rd3+ 46. Kh4 Rxg2 47.
fxe5 Rh3# 0-1

[Event "AUTO-ADV-4495"]
[Site "http://www.queenalice.com/game.php?id=1758827"]
[Date "2021.5.7"]
[Round "1"]
[White "ECCelestino"]
[Black "MarcosT"]
[Result "1-0"]
[WhiteElo "1802"]
[BlackElo "1947"]

1. d4 d5 2. e3 Nf6 3. c4 c6 4. Nf3 e6 5. Nc3 Nbd7 6. Be2 Be7 7. O-O O-O 8. b3 b6
9. a3 Bb7 10. Bb2 Re8 11. Bd3 Bd6 12. Bc2 e5 13. dxe5 Nxe5 14. Nxe5 Bxe5 15. f4
Bxc3 16. Bxc3 Rxe3 17. Qd2 Re8 18. Qd3 Ne4 19. Rae1 Qd7 20. Rxe4 Rxe4 21. Qg3 d4
22. Rd1 Re3 23. Qxe3 c5 24. Qd3 g6 25. Qg3 Rd8 26. f5 Qc8 27. Bd2 Qc6 28. Bh6
1-0

[Event "AUTO-ADV-4495"]
[Site "http://www.queenalice.com/game.php?id=1758828"]
[Date "2021.5.7"]
[Round "1"]
[White "MarcosT"]
[Black "ECCelestino"]
[Result "0-1"]
[WhiteElo "1985"]
[BlackElo "1824"]

1. e4 d5 2. exd5 Qxd5 3. Nc3 Qd8 4. Nf3 Bg4 5. Be2 Nf6 6. d3 e6 7. Bg5 Be7 8.
O-O h6 9. Be3 O-O 10. Ne5 Bxe2 11. Qxe2 Bd6 12. d4 c6 13. Rad1 Nd5 14. Nxd5 cxd5
15. Qg4 Bxe5 16. dxe5 Kh7 17. f4 Nd7 18. Bd4 f6 19. Qxe6 Nb6 20. exf6 Re8 21.
Qf5+ g6 22. Qh3 Rf8 23. Qc3 Rc8 24. Qh3 Rxc2 25. Qe6 Rc7 26. Be5 Rc6 27. Qe7+
Qxe7 28. fxe7 Re8 29. f5 Rxe7 30. fxg6+ Kxg6 31. Rd3 Rxe5 32. Rg3+ Rg5 33. Rgf3
d4 0-1

[Event "AUTO-OPEN-4287"]
[Site "http://www.queenalice.com/game.php?id=1762861"]
[Date "2021.6.24"]
[Round "1"]
[White "ECCelestino"]
[Black "danielglowinski"]
[Result "0-1"]
[WhiteElo "1761"]
[BlackElo "2483"]

1. e4 c5 2. Bc4 e6 3. Nf3 Nc6 4. d4 cxd4 5. Nxd4 Bc5 6. c3 Nf6 7. O-O Nxe4 8.
Nxc6 bxc6 9. Be3 Bxe3 10. fxe3 Qb6 11. b3 Qxe3+ 12. Kh1 Nf2+ 13. Rxf2 Qxf2 14.
Nd2 d5 0-1

[Event "AUTO-OPEN-4287"]
[Site "http://www.queenalice.com/game.php?id=1762862"]
[Date "2021.6.24"]
[Round "1"]
[White "danielglowinski"]
[Black "ECCelestino"]
[Result "1-0"]
[WhiteElo "2482"]
[BlackElo "1763"]

1. e4 e5 2. Nf3 d6 3. d4 exd4 4. Nxd4 Nf6 5. Nc3 c5 6. Nf3 Bg4 7. h3 Bxf3 8.
Qxf3 Be7 9. Be3 Nc6 10. O-O-O O-O 11. Bxc5 Ne5 12. Qe3 Re8 13. Bxa7 Nc4 14. Bxc4
1-0

[Event "AUTO-OPEN-4287"]
[Site "http://www.queenalice.com/game.php?id=1762863"]
[Date "2021.6.24"]
[Round "1"]
[White "ECCelestino"]
[Black "BeatifulDevil56"]
[Result "0-1"]
[WhiteElo "1800"]
[BlackElo "1978"]

1. e4 e5 2. d4 exd4 3. Qxd4 Nc6 4. Qd1 Bb4+ 5. c3 Bc5 6. Nf3 d6 7. Bb5 Bd7 8.
O-O h6 9. Nbd2 a6 10. Bd3 Bg4 11. h3 Bxf3 12. Nxf3 Qf6 13. Rb1 O-O-O 14. Be3
Bxe3 15. fxe3 Qe7 16. b4 Nf6 17. b5 Nb8 18. Qb3 axb5 19. Qxb5 b6 20. Nd4 Qd7 21.
Nc6 Qxc6 22. Qf5+ Kb7 23. c4 Qc5 0-1

[Event "AUTO-OPEN-4287"]
[Site "http://www.queenalice.com/game.php?id=1762864"]
[Date "2021.6.24"]
[Round "1"]
[White "BeatifulDevil56"]
[Black "ECCelestino"]
[Result "1-0"]
[WhiteElo "1968"]
[BlackElo "1810"]

1. Nc3 e5 2. e4 Nf6 3. Bc4 d6 4. d3 Be7 5. Nd5 c6 6. Nxf6+ Bxf6 7. Qf3 O-O 8.
Qg3 b5 9. Bb3 d5 10. exd5 Bb7 11. dxc6 Nxc6 12. Bh6 Nd4 13. Bd2 Bd5 14. O-O-O
Rc8 15. c3 Bxb3 16. axb3 b4 17. Kb1 Nxb3 18. c4 Qa5 19. Kc2 Qa4 20. Nf3 Nd4+ 21.
Kb1 Qc2+ 22. Ka1 e4 23. Nxd4 1-0

[Event "AUTO-OPEN-4287"]
[Site "http://www.queenalice.com/game.php?id=1762865"]
[Date "2021.6.24"]
[Round "1"]
[White "ECCelestino"]
[Black "chessman"]
[Result "0-1"]
[WhiteElo "1886"]
[BlackElo "2147"]

1. d4 d5 2. c4 c6 3. e3 e6 4. Nf3 Nf6 5. Nc3 Be7 6. Bd2 O-O 7. Be2 Re8 8. O-O a6
9. Bd3 Nbd7 10. b3 Nf8 11. Bc2 Bd7 12. Bc1 Ng6 13. Bxg6 hxg6 14. Bb2 Rc8 15. Qd3
c5 16. Ne5 cxd4 17. Qxd4 Bc5 18. Qd3 Bd6 19. Qd4 Qc7 20. f4 dxc4 21. Nxc4 Bc5
22. Qd3 Bc6 23. Rad1 Rcd8 24. Qc2 b5 25. Ne5 Bxe3+ 26. Kh1 Rxd1 27. Rxd1 Bxf4
28. Ne2 Bxe5 29. Nd4 Bxd4 30. Bxd4 Rd8 31. Qb2 e5 32. Rc1 exd4 33. Kg1 Qb6 34.
Kf1 Be4 35. Qd2 Bf5 36. h3 Ne4 37. Qf4 g5 38. Qf3 Nd2+ 0-1

[Event "AUTO-OPEN-4287"]
[Site "http://www.queenalice.com/game.php?id=1762866"]
[Date "2021.6.24"]
[Round "1"]
[White "chessman"]
[Black "ECCelestino"]
[Result "1/2-1/2"]
[WhiteElo "2011"]
[BlackElo "1880"]

1. e4 d5 2. exd5 Nf6 3. Nc3 Nxd5 4. Nxd5 Qxd5 5. Nf3 Bg4 6. Be2 e6 7. O-O Bc5 8.
c3 O-O 9. d4 Bb6 10. Ne5 Bxe2 11. Qxe2 Nc6 12. Nxc6 Qxc6 13. Be3 Rad8 14. Rfd1
Qd6 15. a3 c6 16. g3 a6 17. Rd2 Bc7 18. Bf4 Qe7 19. Bxc7 Qxc7 20. Rad1 Rd5 21.
c4 Rd7 22. Qe3 b6 23. Rd3 Rfd8 24. Qe4 f5 25. Qxe6+ Kh8 26. Qxf5 Rf7 27. Qe4
Rdf8 28. f4 Re7 29. Qg2 Rfe8 30. R3d2 c5 31. d5 Qd6 32. Qf2 b5 33. b3 bxc4 34.
bxc4 a5 35. Rb1 a4 36. Rbb2 h6 37. Re2 Rxe2 38. Rxe2 Rxe2 39. Qxe2 Kh7 40. Qe5
Qb6 41. Qf5+ Kh8 42. Qf8+ Kh7 43. Qf5+ Kh8 44. Qf8+ Kh7 45. Qf5+ Kh8 1/2-1/2

[Event "AUTO-ADV-4524"]
[Site "http://www.queenalice.com/game.php?id=1765499"]
[Date "2021.7.27"]
[Round "1"]
[White "ECCelestino"]
[Black "fbg"]
[Result "0-1"]
[WhiteElo "1828"]
[BlackElo "1775"]

1. d4 d5 2. e3 a6 3. Nf3 Bg4 4. Be2 Nc6 5. O-O h6 6. h3 Bxf3 7. Bxf3 Nf6 8. Nc3
e6 9. b3 Bb4 10. Bb2 Qd6 0-1